Cultura de paz en la escuela: mejores prácticas en la prevención y tratamiento de la violencia escolar. Resultados del Concurso Regional de la Red de Escuelas Asociadas de la UNESCO en América Latina y el Caribe

में बचाया:
ग्रंथसूची विवरण
निगमित लेखक: UNESCO (लेखक)
स्वरूप: पुस्तक
भाषा:स्पेनिश
प्रकाशित: Santiago UNESCO 2010
विषय:
टैग: टैग जोड़ें
कोई टैग नहीं, इस रिकॉर्ड को टैग करने वाले पहले व्यक्ति बनें!

MARC

LEADER 00000cam a2200000 a 4500
001 UCG9186
003 CL-VaPUC
008 120127e20100000CL |||||||||||||||||spa|d
082 0 4 |a 371.782  |b UNE  |2 21 
110 2 |a UNESCO  |e author  |9 560651 
245 1 0 |a Cultura de paz en la escuela: mejores prácticas en la prevención y tratamiento de la violencia escolar. Resultados del Concurso Regional de la Red de Escuelas Asociadas de la UNESCO en América Latina y el Caribe 
300 |a 39 P 
942 |c BK 
945 |d 20120127 00:00:00  |a dcastane 
260 |a Santiago  |b UNESCO  |c 2010 
650 0 |a Violencia escolar  |9 453211 
650 0 |a Docentes  |9 311365 
650 0 |a Alumnos   |9 335074 
583 |a last modification  |c 20120127 09:50:00  |k Rodrigo Vera 
999 |c 346753  |d 346751 
952 |0 0  |1 0  |4 0  |6 371_782000000000000_UNE_2010  |7 0  |8 A  |9 447570  |a BIBEDU  |b BIBEDU  |d 2019-11-22  |i 4838998  |o 371.782 UNE 2010  |p 4838998  |r 2019-11-22  |w 2019-11-22  |y BK  |k EPE